Logo BPK

Bibliografia Prac Pracowników

Politechniki Koszalińskiej

Gospodarstwa rolne województwa zachodniopomorskiego w obliczu integracji europejskiej / (Rekord nr 9028)

Szczegóły MARC
000 -ETYKIETA REKORDU
podpole kontrolne o stałej długości 00792naa a2200169 i 4500
001 - NUMER KONTROLNY REKORDU
podpole kontrolne 9028
003 - IDENTYFIKATOR NUMERU KONTROLNEGO REKORDU
podpole kontrolne KOSZ 005
005 - DATA OSTATNIEJ MODYFIKACJI REKORDU
podpole kontrolne 20180315115220.0
008 - POLE O STAŁEJ DŁUGOŚCI - DANE KONTROLNE
podpole kontrolne o stałej długości 150518s2003 pl | | |000 ||pol
040 ## - ŹRÓDŁO KATALOGOWANIA
Instytucja, która utworzyła rekord BPK
Instytucja, która dokonała modyfikacji KOSZ 005/EG
080 ## - UNIWERSALNA KLASYFIKACJA DZIESIĘTNA - UKD
UKD 338.43
100 1# - NAZWA OSOBOWA
Nazwa osobowa BŁAŻEJOWSKA, Małgorzata.
Lata pracy 1996 - .
Instytucja Politechnika Koszalińska - Wydział Ekonomii i Zarządzania,
Wydział Zakład Prawa
245 10 - TYTUŁ/ODPOWIEDZIALNOŚĆ
Tytuł Gospodarstwa rolne województwa zachodniopomorskiego w obliczu integracji europejskiej /
Pozostałe elementy strefy tytułu i oznaczenia odpowiedzialności Małgorzata Błażejowska.
650 #0 - HASŁO PRZEDMIOTOWE W FORMIE NAZWY OGÓLNEJ LUB JEDNOSTKOWEJ
Nazwa ogólna lub geograficzna Rolnictwo.
773 0# - TYTUŁ DOKUMENTU MACIERZYSTEGO
Wyrażenie wprowadzające W :
Tytuł Funkcje obszarów wiejskich w dobie transformacji gospodarki Polski / red. nauk. Ewa Pałka ; Instytut Geografii Akademii Świętokrzyskiej im. Jana Kochanowskiego w Kielcach. -
Adres wydawniczy Kielce : IG AŚ, 2003. -
Informacje dotyczące relacji s. 69-71
942 ## - HASŁO DODATKOWE - ELEMENTY(KOHA)
Typ dokumentu Rozdział
Schemat klasyfikacji Uniwersalna klasyfikacja dziesiętna

Brak dostępnych egzemplarzy.

© 2014 Biblioteka Politechniki Koszalińskiej :: BIBLIOGRAFIA PRAC PRACOWNIKÓW